Asomor chah janagosthi (Record no. 9449)

MARC details
000 -LEADER
fixed length control field 00505cam a2200205ua 4500
001 - CONTROL NUMBER
control field 10473
005 - DATE AND TIME OF LATEST TRANSACTION
control field 20260515114628.0
008 - FIXED-LENGTH DATA ELEMENTS--GENERAL INFORMATION
fixed length control field 190228n ii |||gr||||Z||||||asm
040 ## - CATALOGING SOURCE
Transcribing agency MAIN
041 ## - LANGUAGE CODE
Language code of text/sound track or separate title asm
082 ## - DEWEY DECIMAL CLASSIFICATION NUMBER
Classification number 305.89145
100 ## - MAIN ENTRY--PERSONAL NAME
Personal name Ganesh Ch. Kurmi,
Relator term Author.
245 ## - TITLE STATEMENT
Title Asomor chah janagosthi
Remainder of title nrigosthigata aru samajik parichay
250 ## - EDITION STATEMENT
Edition statement 1st ed.
260 ## - PUBLICATION, DISTRIBUTION, ETC.
Place of publication, distribution, etc. Dibrugarh:
Name of publisher, distributor, etc. Aleya Kurmi,
Date of publication, distribution, etc. 2011.
300 ## - PHYSICAL DESCRIPTION
Extent 70p.
653 ## - INDEX TERM--UNCONTROLLED
Uncontrolled term Social groups
653 ## - INDEX TERM--UNCONTROLLED
Uncontrolled term Tea tribes
942 ## - ADDED ENTRY ELEMENTS (KOHA)
Koha item type Books
Holdings
Withdrawn status Lost status Damaged status Not for loan Home library Current library Shelving location Date acquired Total checkouts Full call number Barcode Date last seen Date last checked out Copy number Price effective from Koha item type
        Naharkatiya College Library Naharkatiya College Library General stacks 09/19/2020 2 305.89145Ethnic groups | KUR 24775 03/03/2023 02/16/2023 1 09/19/2020 Books